000 00551nam a2200229Ia 4500
003 OSt
005 20221005132250.0
006 a|||||r|||| 00| 0
007 ta
008 221004b |||||||| |||| 00| 0 eng d
024 _a118739
037 _cTextual
040 _aCRL
_cCRL
_beng
041 _2eng
_aeng
100 _aKern R
_9640828
245 0 _aThermodynamics for Geologists
260 _c1967
650 _aGENERAL
_9592526
700 _a Weisbrod A
_9640829
942 _cTEXL
_2cc
999 _c1063080
_d1063080